[Event "GER-ch U08 Girls"]
[Site "Willingen"]
[Date "2023.06.02"]
[Round "6"]
[White "Kruijssen, Hilde"]
[Black "Goncharenko, Stefaniia"]
[Result "0-1"]
[WhiteElo "750"]
[BlackElo "892"]
[PlyCount "64"]
[EventDate "2023.05.30"]
[EventType "swiss"]
[EventRounds "7"]
[EventCountry "GER"]
[SourceTitle "CBM 214 Extra"]
[Source "ChessBase"]
[SourceDate "2023.07.31"]
[SourceVersion "1"]
[SourceVersionDate "2023.07.31"]
[SourceQuality "1"]

1. e4 e5 2. Nf3 Nc6 3. Bc4 Bc5 4. 0-0 Nf6 5. d3 0-0 6. h3 d6 7. Nc3 h6 8. Re1 Re8 9. Be3 Bb6 10. Bxb6 cxb6 11. Nd5 Nxd5 12. Bxd5 Bd7 13. Nh4 Qxh4 14. Qf3 Rf8 15. Re3 Be6 16. Bxe6 fxe6 17. Qe2 Rf7 18. Rf3 Rxf3 19. Qxf3 Nd4 20. Qe3 Nxc2 21. Qc1 Nxa1 22. Qxa1 Rf8 23. Qf1 a5 24. Qe1 Rc8 25. Qd2 Qg5 26. Qe2 Rc1+ 27. Kh2 d5 28. exd5 exd5 29. Qf3 d4 30. Qxb7 Rc2 31. Qxb6 Rxf2 32. Qxa5 Qxg2# 0-1